MARC details
| 000 -BAŞLIK |
| Sabit Uzunlukta Kontrol Alanı |
01743na a2200373 4500 |
| 001 - KONTROL NUMARASI |
| Denetim Alanı |
18434 |
| 003 - KONTROL NUMARASI IDENTIFIER |
| Denetim Alanı |
MIRAKIL |
| 005 - SON İŞLEM TARİHİ VE ZAMANI |
| Denetim Alanı |
20181213155036.0 |
| 008 - SABİT-BOY VERİ ELEMANLARI - GENEL BİLGİLER |
| Sabit Uzunlukta Kontrol Alanı |
161118b tu 000 0 |
| 020 ## - ULUSLARARASI STANDART KİTAP NUMARASI |
| Uluslararası Standart Kitap Numarası |
9786056111808 |
| 040 ## - KATALOGLAMA KAYNAK |
| Orijinal Kataloglama Ajansı |
Milas |
| Kataloglama Dili |
tur |
| Metne Dönüştürmek Ajansı |
TR-AnCHP |
| 041 ## - DİL KODU |
| Metin / Ses Parça Veya Ayrı Başlığın Dil Kodu |
tur |
| 082 ## - DEWEY ONLU SINIFLANDIRMA NUMARASI |
| Sınıflandırma Numarası |
327.40561 |
| Ürün Numarası |
V59 2010 |
| 090 ## - SINIFLAMA NUMARASI |
| Sınıflama Numarası |
327.40561 V59 2010 |
| 245 ## - BAŞLIK TABLOSU |
| Başlık |
Vizesiz Avrupa'ya giden yol |
| Başlığın Kalan |
inişler, çıkışlar, vurdumduymazlıklar ve bir hak arama kavgasının anatomisi |
| Sorumluluk Tablosu, Vb |
hazırlayan Harun Gümrükçü ; derleyen Beyhan Aksoy |
| 246 ## - UNVAN FORM VARYING |
| Başlık Doğru / Kısa Başlığı |
İnişler, çıkışlar, vurdumduymazlıklar ve bir hak arama kavgasının anatomisi |
| 260 ## - YAYIN, DAĞITIM, VB |
| Yayın, Dağıtım, Vb Yeri |
Antalya |
| Yayıncı, Dağıtıcı, Vs Adı |
Akdeniz Üniversitesi |
| Yayın, Dağıtım, Vb Tarihi |
2010 |
| 300 ## - FİZİKSEL TANIM |
| Kapsam |
331 s. |
| Diğer Fiziksel Ayrıntıları |
tbl. , grf. |
| Boyutlar |
21 sm. |
| 440 ## - SERİSİ TABLOSU / KATMA GİRİŞİ - BAŞLIK |
| Başlık |
Kitap Yayınevi |
| Hacim / Ardışık Tanımı |
302 |
| 490 ## - SERİSİ TABLOSU |
| Seri Beyanı |
Vizesiz Avrupa dizisi |
| Hacim / Ardışık Tanımı |
3 |
| 500 ## - GENEL NOT |
| Genel Not |
Metin Türkçe, İngilizce ve Almancadır. |
| 504 ## - KAYNAKÇA VB NOT |
| Kaynakça Vb Notu |
Kaynakçalar bölüm altlarındadır. |
| 505 ## - BİÇİMLENDİRİLDİ İÇİNDEKİLER NOT |
| Biçimlendirilmiş İçeriği Dikkat |
1. Vizesiz Avrupa'ya giden yol: İnişler, çıkışlar, vurdumduymazlıklar ve bir hak arama kavgasının anatomisi -- 2. Tır kaptanlarının başarısı ve vizesiz Avrupa'ya giden yol -- 3. Vizesiz Avrupa ve Avrupa'da kazanılmış haklarımıza dair değerlendirmeler -- Basında soysal davası ve yankıları |
| 650 ## - KONU KATMA GİRİŞ - TOPİKAL DÖNEM |
| Topikal Süreli Veya Coğrafi Ad Giriş Elemanı |
Serbest dolaşım |
| Coğrafi Alt Bölümü |
Avrupa Birliği ülkeleri |
| 650 ## - KONU KATMA GİRİŞ - TOPİKAL DÖNEM |
| Topikal Süreli Veya Coğrafi Ad Giriş Elemanı |
AB uyum süreci |
| 651 ## - KONU KATMA GİRİŞ - COĞRAFİ ADI |
| Coğrafi İsim |
Avrupa Birliği |
| Genel Alt Bölümü |
Dış ilişkiler |
| Coğrafi Alt Bölümü |
Türkiye |
| 651 ## - KONU KATMA GİRİŞ - COĞRAFİ ADI |
| Coğrafi İsim |
Türkiye |
| Genel Alt Bölümü |
Dış ilişkiler |
| Coğrafi Alt Bölümü |
Avrupa Birliği |
| 700 ## - KATMA GİRİŞ - KİŞİSEL İSİM |
| Kişisel Ad |
Aksoy, Beyhan |
| 700 ## - KATMA GİRİŞ - KİŞİSEL İSİM |
| Kişisel Ad |
Gümrükçü, Harun |
| 710 ## - KATMA GİRİŞ - KURUMSAL ADI |
| Giriş Elemanı Olarak Kurumsal Ad Veya Yargı Alanı Adı |
Uluslararası Sivil Toplumu Destekleme ve Geliştirme Derneği (USİDER) |
| 710 ## - KATMA GİRİŞ - KURUMSAL ADI |
| Giriş Elemanı Olarak Kurumsal Ad Veya Yargı Alanı Adı |
Vizesiz Avrupa Derneği |
| 710 ## - KATMA GİRİŞ - KURUMSAL ADI |
| Giriş Elemanı Olarak Kurumsal Ad Veya Yargı Alanı Adı |
Akdeniz Üniversitesi |
| Alt Birim |
Vizesiz Avrupa Araştırma Grubu |
| 942 ## - EKLENDİ GİRİŞ ELEMANLARI (KOHA) |
| Sınıflandırma Veya Raf Düzeni Kaynak |
|
| Koha Öğesi Türü |
Books |
| 999 ## - SİSTEM KONTROL NUMARALARI (KOHA) |
| Koha Biblionumber |
5434 |
| Koha Biblioitemnumber |
5434 |